[Event "Mondariz op"]
[Site "Mondariz"]
[Date "1997.??.??"]
[Round "?"]
[White "Garcia Contreras, Rafael"]
[Black "Manso Gil, Angel"]
[Result "0-1"]
[WhiteElo "2150"]
[BlackElo "2260"]

1.Nf3 d5 2.c4 c6 3.e3 Nf6 4.Be2 Nbd7 5.d4 e6 6.O-O Bd6 7.b3 O-O 8.Bb2 Qe7
9.Ne5 c5 10.Bf3 Rd8 11.Nd2 Nf8 12.Qc2 Bd7 13.Rac1 Rac8 14.Qb1 Ng6 15.Rfd1 b6
16.Qa1 Nh4 17.Be2 Bxe5 18.dxe5 Ne8 19.Nf3 Bc6 20.Nxh4 Qxh4 21.Bf3 Nc7 22.Rc2 Qe7
23.Rcd2 Ba8 24.Bc3 dxc4 25.Bxa8 Rxa8 26.bxc4 Kf8 27.a4 Rxd2 28.Rxd2 Rd8 29.Rd6 Ne8
30.Rxd8 Qxd8 31.a5 Qd3 32.axb6 axb6 33.Be1 Qxc4 34.f4 Nc7 35.h3 Na6 36.Qb1 Nb4
37.Qxh7 Qc1 38.Qh4 Ke8 39.Kh2 Qxe3 40.Bf2 Qd2 41.Bg3 Nd5 42.f5 exf5 43.Qh8+ Kd7
44.Qxg7 Ne3 45.Qxf7+ Kc6 46.Qg6+ Kb5 47.Bh4 Qd4 48.Bf6 Qf4+ 49.Kg1 Qf1+ 50.Kh2 Qe1
51.Qg8 Kb4 52.e6 Nf1+ 53.Kg1 Ng3+ 54.Kh2 f4 55.Bc3+ Kxc3  0-1

[Event "Moravia-chT 9697"]
[Site "?"]
[Date "1997.??.??"]
[Round "?"]
[White "Hladik, Josef"]
[Black "Fuksik, Jakub"]
[Result "0-1"]
[WhiteElo "2220"]
[BlackElo "2255"]

1.Nf3 d5 2.c4 c6 3.b3 Nf6 4.g3 Bg4 5.Bg2 e6 6.O-O Be7 7.Bb2 O-O 8.d3 Bh5
9.Nbd2 c5 10.Ne5 Ng4 11.Nxg4 Bxg4 12.Rc1 Nc6 13.Nf3 d4 14.h3 Bh5 15.a3 a5
16.Qc2 Qc7 17.Rce1 Rad8 18.e3 dxe3 19.Rxe3 Bxf3 20.Bxf3 Nd4 21.Bxd4 cxd4
22.Re2 Bxa3 23.Qa2 Bb4 24.Qa4 Rd6 25.Re5 Rfd8 26.Rb5 b6 27.Re5 f6 28.Re2 Qc5
29.Rd1 h5 30.Qb5 Qxb5 31.cxb5 Rc8 32.Bxh5 Rc3 33.Rb2 Rd5 34.Be8 Rdc5 35.Kg2 Ba3
36.Rbb1 Rc2 37.Re1 Rf5 38.Rf1 Rd2 39.g4 Rc5 40.Rfd1 Rxd1 41.Rxd1 Kf8 42.Bc6 Rc3
43.f4 Rxb3 44.Re1 Ke7 45.Bd5 Rxb5 46.Rxe6+ Kd7 47.Bc4 Rb2+ 48.Kf3 b5 49.Bd5 Bd6
50.Re1 a4 51.Bf7 a3 52.Re8 b4 53.Ra8 b3 54.Ke4 Re2+ 55.Kxd4 b2 56.Ra7+ Bc7
57.Ba2 Re1 58.Rxa3 Ra1 59.Kc3 Rxa2 60.Rb3 Bxf4  0-1

[Event "Moravia-chT 9697"]
[Site "?"]
[Date "1997.??.??"]
[Round "?"]
[White "Tatarko, Jan"]
[Black "Hrabe, Petr"]
[Result "1/2-1/2"]
[WhiteElo "2290"]
[BlackElo "2305"]

1.Nf3 d5 2.c4 e6 3.g3 Nf6 4.Bg2 Be7 5.O-O O-O 6.d4 c5 7.cxd5 exd5 8.dxc5 Bxc5
9.Bg5 Nc6 10.Nc3 d4 11.Na4 Be7 12.Rc1 Re8 13.a3 h6 14.Bf4 Bg4 15.Ne5 Nxe5
16.Bxe5 Bd6 17.Bxd6 Qxd6 18.Re1 Re7 19.Nc5 Rae8 20.Rc2 b6 21.Nd3 Rc7 22.Rxc7 Qxc7
23.Qd2 Qd6 24.Nf4 Qe5 25.h3 Bf5 26.Nd3 Qe6 27.Bf1 Nd5 28.Kh2 Rc8 29.Rd1 Qd6
30.Bg2 Nf6 31.Nf4 Rc2 32.Qxd4 Qxd4 33.Rxd4 Rxb2 34.Rd8+ Kh7 35.Rf8 Be6 36.e4 Rxf2
37.e5 Nd7 38.Ra8 a5 39.Kg1 Rd2 40.Be4+ g6 41.Nxe6 fxe6 42.Re8 Nc5 43.Re7+ Kg8
44.Bxg6 Ra2 45.Bh5 Rxa3 46.Re8+  1/2-1/2

[Event "Moscow-ch"]
[Site "Moscow"]
[Date "1997.??.??"]
[Round "5"]
[White "Arbakov, Valentin"]
[Black "Frog, Ilya"]
[Result "0-1"]
[WhiteElo "2490"]
[BlackElo "2410"]

1.Nf3 d5 2.c4 d4 3.e3 Nc6 4.exd4 Nxd4 5.Nxd4 Qxd4 6.Nc3 e5 7.Nb5 Qd8 8.Qe2 f6
9.f4 c6 10.Nc3 Qe7 11.fxe5 fxe5 12.d3 Nf6 13.h3 Bf5 14.g4 Bg6 15.Be3 O-O-O
16.O-O-O Qc7 17.Qc2 Qa5 18.Qa4 Qxa4 19.Nxa4 Kb8 20.Be2 Nd7 21.d4 Bd6 22.Bd3 exd4
23.Bxd4 Bxd3 24.Rxd3 Ne5 25.Rc3 Rhe8 26.Rd1 g6 27.b3 Nf7 28.Rcd3 Bf4+ 29.Kc2 Re2+
30.Kb1 Rde8 31.Nc3 Re1 32.Kc2 Rxd1 33.Rxd1 Ng5 34.Rd3 Re1 35.h4 Ne6 36.Bf2 Rc1+
37.Kb2 Rh1 38.Rf3 Rh2 39.Ne2 Be5+ 40.Ka3 Rg2 41.g5 Bd6+ 42.b4 a5 43.Kb3 axb4
44.Rf6 Nc5+ 45.Bxc5 Bxc5 46.Nf4 Rg3+ 47.Kc2 Rc3+ 48.Kd2 Be3+ 49.Ke2 Bxf4
50.Rxf4 Rc2+ 51.Kd3 Rxa2 52.c5 Ra5 53.Kc4 Rb5 54.Kb3 Rxc5 55.Rf7 Re5 56.Rxh7 Re4  0-1

[Event "Moscow-B"]
[Site "Moscow"]
[Date "1997.??.??"]
[Round "7"]
[White "Shestakov, Sergei S"]
[Black "Klichev, Mikhail"]
[Result "1/2-1/2"]
[WhiteElo "2325"]
[BlackElo "2355"]

1.Nf3 d5 2.c4 c6 3.e3 Nf6 4.Nc3 Bg4 5.h3 Bxf3 6.Qxf3 e5 7.cxd5 cxd5 8.Bb5+ Nc6
9.O-O e4 10.Qe2 Bd6 11.d3 O-O 12.Bd2 Ne5 13.d4 Ng6 14.f4 exf3 15.Qxf3 Rc8
16.Bd3 Bb8 17.g3 Qd6  1/2-1/2

[Event "Moscow-ch"]
[Site "Moscow"]
[Date "1997.??.??"]
[Round "8"]
[White "Kostin, Mikhail Y"]
[Black "Shur, Mikhail"]
[Result "0-1"]
[WhiteElo "2185"]
[BlackElo "2365"]

1.Nf3 d5 2.c4 e6 3.g3 Nf6 4.Bg2 d4 5.O-O c5 6.e3 Nc6 7.exd4 cxd4 8.d3 h6
9.Na3 Bd6 10.Nc2 e5 11.b4 O-O 12.Re1 Re8 13.Rb1 a6 14.a4 Bg4 15.h3 Bh5 16.c5 Nd5
17.Bd2 Bb8 18.b5 axb5 19.axb5 Na5 20.Ra1 Nc3 21.Bxc3 dxc3 22.Ra3 Qd7 23.b6 f6
24.Nb4 Qb5 25.Qa4 Qxc5 26.Rea1 e4 27.dxe4 Bxg3 28.Nd3 Qxb6 29.Qd4 Bc7 30.Nb4 Bxf3
31.Qxb6 Bxb6 32.Bxf3 Bc5 33.Rxa5 Rxa5 34.Rxa5 Bxb4 35.Rb5 c2  0-1

[Event "NRW-Cup Masters op"]
[Site "Muenster"]
[Date "1997.??.??"]
[Round "3"]
[White "Espig, Lutz"]
[Black "Jacob, Gunnar"]
[Result "1/2-1/2"]
[WhiteElo "2410"]
[BlackElo "2175"]

1.Nf3 d5 2.c4 e6 3.b3 Nf6 4.g3 Be7 5.Bg2 O-O 6.O-O Nbd7 7.Nc3 c6 8.d4 b6
9.Qc2 Ba6 10.Nd2 b5 11.a4 bxc4 12.bxc4 Rb8 13.Ba3 Bxa3 14.Rxa3 Qa5 15.Rfa1 c5
16.dxc5 Qxc5 17.cxd5 Nxd5 18.Nde4 Qc4 19.Qd2 N7f6 20.Nxf6+ Nxf6 21.Qe3 Qc7
22.Nb5 Bxb5 23.axb5 Rxb5 24.Rxa7 Qb6 25.Qxb6  1/2-1/2

[Event "New York op"]
[Site "New York"]
[Date "1997.??.??"]
[Round "?"]
[White "Zvjaginsev, Vadim"]
[Black "Reprintsev, Alexander"]
[Result "1-0"]
[WhiteElo "2610"]
[BlackElo "2425"]

1.Nf3 d5 2.c4 dxc4 3.e3 Nc6 4.Bxc4 e5 5.d4 exd4 6.O-O Nf6 7.exd4 Be7 8.d5 Nb8
9.Re1 O-O 10.Nc3 Bg4 11.h3 Bxf3 12.Qxf3 Nbd7 13.Bg5 h6 14.Bh4 Re8 15.Qf5 Nf8
16.Rad1 Ng6 17.Bxf6 Bxf6 18.d6 Ne5 19.d7 Re7 20.Bb3 Rxd7 21.Rxd7 Qxd7 22.Rxe5 Qd2
23.Re2  1-0

[Event "JUG-ch52"]
[Site "Niksic"]
[Date "1997.??.??"]
[Round "1"]
[White "Damljanovic, Branko"]
[Black "Stamenkovic, Zoran"]
[Result "1-0"]
[WhiteElo "2540"]
[BlackElo "2415"]

1.Nf3 d5 2.c4 e6 3.g3 Nf6 4.Bg2 Be7 5.O-O O-O 6.b3 c5 7.Bb2 Nc6 8.e3 d4 9.exd4 cxd4
10.Re1 Ne8 11.d3 f6 12.Na3 e5 13.Nc2 Nc7 14.Qe2 Bg4 15.h3 Be6 16.Nd2 Qd7
17.Qf1 a5 18.f4 Nb4 19.Nxb4 Bxb4 20.Re2 Bc3 21.Ne4 Bxb2 22.Rxb2 Na6 23.Rf2 exf4
24.Rxf4 h6 25.Re1 Rae8 26.g4 b6 27.Ng3 Nc5 28.Ne2 Bf7 29.Rxd4 Qe7 30.Be4 Ne6
31.Rd5 Ng5 32.Nf4 Qc7 33.Rf5 Qd6 34.Kg2 Nxe4 35.dxe4 Qd4 36.Qd3 Qxd3 37.Nxd3 Bg6
38.Rf4 Bh7 39.Nf2 Re6 40.Rf3 Rfe8 41.Rfe3 f5 42.gxf5 Bxf5 43.Kf3 Bg6 44.Rd3 a4
45.Ree3 axb3 46.axb3 Rf8+ 47.Kg2 b5 48.c5 b4 49.Rd6 Rfe8 50.Rxe6 Rxe6 51.Kf3 Rc6
52.Nd3 Bf7 53.Kf4 Kf8 54.Ke5 Bxb3 55.Kd4 Be6 56.Nxb4 Rc8 57.c6 Ke7 58.Ke5 Bf7
59.Nd5+ Ke8 60.Rc3 Kd8 61.c7+  1-0

[Event "JUG-chT"]
[Site "Niksic"]
[Date "1997.??.??"]
[Round "2"]
[White "Strikovic, Aleksa"]
[Black "Nikcevic, Nebojsa"]
[Result "1/2-1/2"]
[WhiteElo "2560"]
[BlackElo "2525"]

1.Nf3 d5 2.c4 e6 3.g3 dxc4 4.Qa4+ Nd7 5.Qxc4 a6 6.Bg2 b5 7.Qc2 Bb7 8.O-O c5
9.a4 Ngf6 10.Nc3 Qb6 11.d3 Rc8 12.axb5 axb5 13.Qb3 b4 14.Na4 Qc6 15.Be3 Be7
16.Rfc1 O-O 17.Bg5 Qb5 18.Bxf6 Bxf6 19.Nd2 Bxg2 20.Kxg2 Bg5 21.f4 Qb7+ 22.Nf3 Bf6
23.Rc4 Rc6 24.Rac1 Rfc8 25.Qd1 e5 26.f5 g6 27.fxg6 hxg6 28.b3 Be7 29.Qd2 Re6
30.e4 Rd8 31.R4c2 Qa6 32.Ra2 Qb5 33.Nb2 Nb6 34.Rca1 Kg7 35.Qe3 Rd7 36.h4 Qc6
37.Ra6 Qb7 38.R6a5 Qc6 39.Rb1 Rd8 40.h5 Qc7 41.Rba1 Rh8 42.hxg6 Rd8 43.Rh1 Rxg6
44.Rb5 Bf6 45.Nd1 Nd7 46.Qc1 Qa7 47.Qc2 Nf8 48.Ne3 Ne6 49.Rh2 Kg8 50.Nd5 Qa1
51.Qe2 Ng7 52.Rh3  1/2-1/2

[Event "JUG-chT"]
[Site "Niksic"]
[Date "1997.??.??"]
[Round "2"]
[White "Arsovic, Zoran"]
[Black "Peric, Slavisa"]
[Result "1-0"]
[WhiteElo "2425"]
[BlackElo "2370"]

1.Nf3 d5 2.c4 dxc4 3.e3 Nf6 4.Bxc4 e6 5.O-O a6 6.Bb3 c5 7.Qe2 b6 8.d4 Bb7
9.Nc3 Be7 10.dxc5 Bxc5 11.e4 Qc7 12.e5 Nfd7 13.Bf4 Bc6 14.Ng5 Be7 15.Bxe6 Bxg5
16.Bxf7+ Kf8 17.Bxg5 Kxf7 18.e6+ Kg6 19.f4 Nf6 20.Qd3+ Kh5 21.Qf5  1-0

[Event "JUG-chT"]
[Site "Niksic"]
[Date "1997.??.??"]
[Round "4"]
[White "Rajkovic, Dusan"]
[Black "Miladinovic, Igor"]
[Result "0-1"]
[WhiteElo "2465"]
[BlackElo "2500"]

1.Nf3 d5 2.c4 d4 3.g3 g6 4.Bg2 Bg7 5.d3 e5 6.O-O Ne7 7.b4 O-O 8.Nbd2 c6 9.Bb2 Na6
10.b5 cxb5 11.cxb5 Nc7 12.Nc4 e4 13.dxe4 Nxb5 14.Qb3 Nc3 15.e3 Nc6 16.Bxc3 dxc3
17.e5 Be6 18.Qxc3 Rc8 19.Rad1 Qc7 20.Rc1 Nb8  0-1

[Event "JUG-chT (Women)"]
[Site "Niksic"]
[Date "1997.??.??"]
[Round "5"]
[White "Vujic Katanic, Branka"]
[Black "Boskovic, Malina"]
[Result "0-1"]
[WhiteElo "2145"]
[BlackElo "2065"]

1.Nf3 d5 2.c4 e6 3.g3 c6 4.b3 f5 5.Bg2 Nf6 6.O-O Bd6 7.d4 O-O 8.Ba3 Bxa3
9.Nxa3 Qd6 10.Qc1 Nbd7 11.Qb2 Qe7 12.Nc2 Ne4 13.Nce1 Ng5 14.Nd3 Nf7 15.Nfe5 Nfxe5
16.dxe5 g5 17.f4 g4 18.cxd5 exd5 19.Rfc1 Rf7 20.e3 h5 21.Qd4 Nf8 22.b4 Ne6
23.Qb2 a6 24.a4 Bd7 25.b5 Kh7 26.bxa6 bxa6 27.Qb7 Qe8 28.Rab1 h4 29.Nb4 h3
30.Bf1 d4 31.exd4 Nxd4 32.Nxa6 Rd8 33.Nc5 Be6 34.Qb4 Nf3+ 35.Kf2 Rd4 36.Qc3 Rd2+
37.Ke3 Bd5 38.Be2 Ra2 39.Bxf3 gxf3 40.Rb2 Rxb2 41.Qxb2 Qd8 42.Qb4 Qg8 43.a5 Qg7
44.Kf2 Ra7 45.a6 Qf7 46.Rb1 Bc4 47.Qb6 Qd5 48.Qxa7+ Kg6 49.Nb3 Qd3 50.Qe3 Qxb1
51.Nd2 Qh1 52.Nxc4 Qxh2+ 53.Ke1 Qh1+ 54.Kd2 h2 55.Kc3 Qg2 56.Qc5 f2 57.Qd6+ Kh5
58.Qf6 Qxg3+ 59.Kb4 Qxf4 60.Qh8+ Kg4 61.Qg7+ Kf3 62.a7 f1=Q 63.Qf7 Qb1+ 64.Kc5 Qb5+
65.Kd6 Qd5+  0-1

[Event "JUG-chT"]
[Site "Niksic"]
[Date "1997.??.??"]
[Round "5"]
[White "Vukanovic, Sasa"]
[Black "Markovic, Zoran S"]
[Result "1/2-1/2"]
[WhiteElo "2410"]
[BlackElo "2095"]

1.Nf3 d5 2.c4 e6 3.g3 Nf6 4.Bg2 Be7 5.O-O O-O 6.b3 c5 7.Bb2 Nc6 8.e3 b6 9.Nc3 Bb7
10.cxd5 Nxd5 11.Nxd5 exd5 12.d4 Qd7 13.Qd2 Rfd8 14.Bc3 a5 15.Qb2 f6 16.Rfd1 Qe6
17.h4 Qf5 18.Kh2 Bc8 19.dxc5 bxc5 20.Ng1 Nb4 21.Qd2 Kf8 22.a3 Nc6 23.Bxd5 Rxd5
24.Qxd5 Qxf2+ 25.Qg2 Qxg2+ 26.Kxg2 Be6 27.Ne2 Bxb3 28.Rd2 a4 29.Nf4 Na7 30.Nd5 Nb5
31.Nxe7 Kxe7 32.Bb2 Rc8  1/2-1/2

[Event "JUG-ch52"]
[Site "Niksic"]
[Date "1997.??.??"]
[Round "6"]
[White "Blagojevic, Dragisa"]
[Black "Drasko, Milan"]
[Result "1/2-1/2"]
[WhiteElo "2485"]
[BlackElo "2555"]

1.Nf3 d5 2.c4 dxc4 3.Na3 a6 4.Nxc4 b5 5.Ne3 e6 6.g3 Bb7 7.Bg2 Nf6 8.b3 Bc5
9.Bb2 Be7 10.O-O O-O 11.d3  1/2-1/2

[Event "JUG-chT"]
[Site "Niksic"]
[Date "1997.??.??"]
[Round "6"]
[White "Marinkovic, Ivan"]
[Black "Abramovic, Bosko"]
[Result "1/2-1/2"]
[WhiteElo "2505"]
[BlackElo "2500"]

1.Nf3 d5 2.c4 e6 3.g3 Nf6 4.Bg2 dxc4 5.Qa4+ Nbd7 6.Qxc4 a6 7.O-O b5 8.Qc2 Bb7
9.b3 c5 10.Bb2 Be7 11.d3 O-O 12.Nbd2 Rc8 13.a3  1/2-1/2

[Event "JUG-chT (Women)"]
[Site "Niksic"]
[Date "1997.??.??"]
[Round "8"]
[White "Kiseleva, Natalia"]
[Black "Khurtsidze, Nino"]
[Result "1-0"]
[WhiteElo "2335"]
[BlackElo "2415"]

1.Nf3 d5 2.c4 e6 3.g3 Nf6 4.Bg2 dxc4 5.Qa4+ Bd7 6.Qxc4 Bc6 7.O-O Nbd7 8.Nc3 Bd6
9.d4 O-O 10.Qd3 Bxf3 11.Qxf3 c6 12.e4 e5 13.Be3 exd4 14.Bxd4 Be5 15.Bxe5 Nxe5
16.Qe2 Qb6 17.Rad1 Rad8 18.h3 h6 19.Kh2 Rxd1 20.Rxd1 Rd8 21.f4 Rxd1 22.Nxd1 Ned7
23.Nc3 Nc5 24.e5 Nfd7 25.a3 a5 26.Be4 Nb3 27.Bb1 Ndc5 28.f5 Qd8 29.e6 fxe6
30.fxe6 Qd2 31.Bh7+ Kf8 32.e7+  1-0

[Event "JUG-chT"]
[Site "Niksic"]
[Date "1997.??.??"]
[Round "9"]
[White "Pajkovic, Vladimir"]
[Black "Marcetic, Nikola"]
[Result "0-1"]
[WhiteElo "2415"]
[BlackElo "2330"]

1.Nf3 d5 2.c4 c6 3.d4 Nf6 4.e3 Bf5 5.Nc3 e6 6.Bd3 Bxd3 7.Qxd3 Bb4 8.O-O O-O
9.Bd2 a5 10.Rfd1 Nbd7 11.b3 Qe7 12.Ne1 e5 13.cxd5 e4 14.Qe2 Bxc3 15.d6 Qxd6
16.Bxc3 Nd5 17.Bb2 f5 18.Nc2 b5 19.f3 N7f6 20.a4 exf3 21.gxf3 b4 22.Re1 Rae8
23.Qa6 Qc7 24.Qd3 Nh5 25.Re2 Re6 26.Bc1 Rg6+ 27.Kf1 Ng3+ 28.hxg3 Qxg3 29.Rf2 Qg1+
30.Ke2 Nc3+ 31.Qxc3 bxc3 32.Ba3 Qg3 33.Bxf8 Kxf8 34.Na3 Qb8 35.Rb1 Qb4 36.Nc2 Qb6
37.Kd3 c5 38.Kxc3 f4 39.d5 fxe3 40.Nxe3 c4  0-1

[Event "JUG-ch52"]
[Site "Niksic"]
[Date "1997.??.??"]
[Round "14"]
[White "Blagojevic, Dragisa"]
[Black "Pikula, Dejan"]
[Result "1/2-1/2"]
[WhiteElo "2485"]
[BlackElo "2495"]

1.Nf3 d5 2.c4 e6 3.d4 Nf6 4.Nc3 Be7 5.cxd5 exd5 6.Bg5 c6 7.Qc2 O-O 8.e3 Nbd7
9.Bd3 Re8 10.O-O Nf8 11.Rab1 a5 12.a3  1/2-1/2

[Event "Nova Gorica op"]
[Site "Nova Gorica"]
[Date "1997.??.??"]
[Round "6"]
[White "Cebalo, Miso"]
[Black "Pavasovic, Dusko"]
[Result "1/2-1/2"]
[WhiteElo "2540"]
[BlackElo "2460"]

1.Nf3 d5 2.c4 c6 3.d4 Nf6 4.Nc3 e6 5.Bg5 h6 6.Bxf6 Qxf6 7.e3 Nd7 8.Bd3 dxc4
9.Bxc4 g6 10.O-O Bg7 11.Re1 O-O 12.Qc2 Qe7 13.a3 b6 14.e4 Bb7 15.e5 Rfd8
16.Rad1 Rab8 17.Ba2 c5 18.d5 exd5 19.Nxd5 Bxd5 20.Bxd5 Nf8 21.a4 Rd7 22.Bc4 Rbd8
23.Rxd7 Qxd7 24.g3 Ne6 25.b3 Qc6 26.Re3 Kf8 27.h4 h5 28.Ng5 Nd4 29.Qe4 Qxe4
30.Rxe4 Re8 31.Bxf7 Rxe5 32.Bxg6 Rxe4 33.Nxe4 Nc2 34.Kf1 c4 35.Ke2 Nd4+ 36.Kd2 a6
37.Bxh5 b5 38.Nc5 Ke7 39.Nxa6 bxa4 40.Nb4 a3 41.Na2 Nb5 42.Be2 Bd4 43.Ke1 Nc3
44.Bxc4 Ne4 45.Ke2  1/2-1/2

[Event "Nova Gorica op"]
[Site "Nova Gorica"]
[Date "1997.??.??"]
[Round "8"]
[White "Sale, Srdjan"]
[Black "Delchev, Aleksander"]
[Result "1-0"]
[WhiteElo "2425"]
[BlackElo "2515"]

1.Nf3 d5 2.c4 e6 3.d4 Nf6 4.Nc3 Be7 5.Bg5 O-O 6.e3 h6 7.Bxf6 Bxf6 8.Rc1 c6
9.Bd3 Nd7 10.O-O dxc4 11.Bxc4 c5 12.Qe2 a6 13.Rfd1 Qe7 14.a4 Rd8 15.Ba2 cxd4
16.exd4 Nf8 17.Ne5 Bd7 18.d5 Be8 19.Re1 exd5 20.Nxd5 Qxe5 21.Qxe5 Bxe5 22.Rxe5 Bxa4
23.Nb6 Nd7 24.Nxd7 Rxd7 25.Bd5 Rad8 26.Bf3 Bd1 27.Be4 Bb3 28.f3 Kf8 29.Rc3 Be6
30.Bc2 Rd2 31.h3 Rc8 32.Rxc8+ Bxc8 33.Rc5 Be6 34.b4 Rd4 35.b5 Rc4 36.Rxc4 Bxc4
37.b6 Ke7 38.Be4 Kd6 39.Bxb7 Kc5  1-0

[Event "Orense op"]
[Site "Orense"]
[Date "1997.??.??"]
[Round "8"]
[White "Paunovic, Dragan"]
[Black "Campos Moreno, Javier B"]
[Result "1/2-1/2"]
[WhiteElo "2470"]
[BlackElo "2440"]

1.Nf3 d5 2.c4 e6 3.d4 Nf6 4.g3 Bb4+ 5.Bd2 Be7 6.Bg2 O-O 7.O-O c6 8.Qb3 b6
9.cxd5 cxd5 10.Ne5 Bb7 11.Nc3 Nc6 12.Nxc6 Bxc6 13.Rfc1 Qd7 14.Bg5 b5 15.Bxf6 Bxf6
16.e3 Be7 17.Ne2 b4 18.Qd1 Ba4 19.b3 Bb5 20.Nf4 Rac8 21.Bf1 Bd6 22.Bxb5 Qxb5
23.Ne2 Qa6 24.Qd2 h5 25.Kg2 g6 26.Rxc8 Rxc8 27.Rc1 Kg7 28.Rc2 Rxc2 29.Qxc2 e5
30.dxe5 Bxe5 31.Qd2 Qb5 32.Nf4 Bxf4 33.Qd4+ Kg8 34.Qxf4 a5 35.Qf6 Qd3 36.Qd8+ Kg7
37.Qxa5 Qe4+ 38.Kf1 Qb1+ 39.Ke2 Qc2+ 40.Kf1 Qb1+ 41.Ke2 Qc2+  1/2-1/2

[Event "World op"]
[Site "Philadelphia"]
[Date "1997.??.??"]
[Round "3"]
[White "Donaldson, John W"]
[Black "Blatny, Pavel"]
[Result "0-1"]
[WhiteElo "2430"]
[BlackElo "2555"]

1.Nf3 d5 2.c4 e6 3.d4 Nd7 4.Nc3 Ngf6 5.cxd5 exd5 6.Bg5 Bb4 7.e3 c5 8.Bxf6 Nxf6
9.Bb5+ Ke7 10.O-O Bxc3 11.bxc3 c4 12.Qb1 Qa5 13.Qb4+ Qxb4 14.cxb4 a5 15.bxa5 Rxa5
16.a4 Ne4 17.Rac1 f6 18.Rfd1 Bd7 19.Bxd7 Kxd7 20.Nd2 Nd6 21.e4 Rxa4 22.exd5 b5
23.f3 Re8 24.Rc2 Re3 25.Rb1 f5 26.f4 Rea3 27.Rcc1 Ra2 28.Nf3 Re2 29.Re1 Rxe1+
30.Rxe1 b4 31.Re6 b3 32.Ne5+ Kc7 33.Re7+ Kb6 34.Re6 b2 35.Rxd6+ Kb5  0-1

[Event "Plzen KB opJ-A"]
[Site "Plzen"]
[Date "1997.??.??"]
[Round "4"]
[White "Rozmbersky, David"]
[Black "Klima, Lukas"]
[Result "0-1"]
[WhiteElo "2120"]
[BlackElo "2270"]

1.Nf3 d5 2.c4 c6 3.b3 Bf5 4.g3 Nf6 5.Bb2 e6 6.Bg2 h6 7.O-O Be7 8.d4 Nbd7
9.Nc3 O-O 10.Nd2 Qa5 11.e4 dxe4 12.Ndxe4 Ba3 13.Qe2 Rad8 14.Rad1 Bg4 15.f3 Bf5
16.Ba1 Rfe8 17.f4 Bf8 18.Bf3 c5 19.g4 cxd4 20.Rxd4 Bxe4 21.Nxe4 Qc7 22.Kg2 Nxe4
23.Bxe4 Nf6 24.Bb1 Bc5 25.Rxd8 Rxd8 26.g5 hxg5 27.fxg5 Ng4 28.Kh3 Ne3 29.Rf3 Rd1
30.Rxe3 Rxb1 31.Be5 Qd8 32.Rg3 Qd1 33.Qxd1 Rxd1 34.Rg2 Bd4 35.Bb8 a6 36.Kg4 f6
37.Kf3 Kf7 38.g6+ Ke7 39.Ke2 Rg1 40.Rxg1 Bxg1 41.Kf3 e5 42.h4 Ke6 43.Bc7 Kf5
44.h5 e4+  0-1

[Event "ESP-chT"]
[Site "Ponferrada"]
[Date "1997.??.??"]
[Round "3"]
[White "Fernandez Lopez, Felix"]
[Black "Rodriguez Vargas, Orestes"]
[Result "0-1"]
[WhiteElo "2300"]
[BlackElo "2425"]

1.Nf3 d5 2.c4 d4 3.b4 c5 4.bxc5 Nc6 5.d3 e5 6.g3 Bxc5 7.Bg2 Nf6 8.O-O O-O
9.Ba3 Nd7 10.Nfd2 Qe7 11.Qc1 a5 12.Bxc5 Nxc5 13.Na3 Bg4 14.Re1 f5 15.Nb5 e4
16.f3 Bh5 17.fxe4 f4 18.gxf4 Rxf4 19.Nf1 Raf8 20.Ng3 Bg4 21.Rf1 Rxf1+ 22.Bxf1 Qf6
23.Kh1 Ne5 24.Bg2 Bxe2 25.Nxe2 Ncxd3 26.Qa3 Nf2+ 27.Kg1 d3 28.Ned4 d2 29.Qb3 Neg4
30.c5+ Kh8 31.Rb1 Nh3+  0-1

[Event "ESP-chT"]
[Site "Ponferrada"]
[Date "1997.??.??"]
[Round "5"]
[White "Fernandez Lopez, Felix"]
[Black "Oms Pallise, Josep"]
[Result "0-1"]
[WhiteElo "2300"]
[BlackElo "2445"]

1.Nf3 d5 2.c4 c6 3.d4 Nf6 4.Nc3 dxc4 5.a4 Bf5 6.e3 e6 7.Bxc4 Bb4 8.O-O O-O
9.h3 Nbd7 10.Qb3 Qb6 11.Nh4 a5 12.Nxf5 exf5 13.Rd1 Qc7 14.Bd2 Nb6 15.Bf1 Rfe8
16.Qc2 g6 17.Nb5 Qe7 18.Na3 Bd6 19.Nc4 Nxc4 20.Bxc4 Bc7 21.Qb3 Rad8 22.Qa3 Qd7
23.Be1 Nd5 24.Rac1 h5 25.Bxd5 Qxd5 26.Qc5 Qe6 27.d5 Qe5 28.f4 Qxe3+ 29.Qxe3 Rxe3
30.dxc6 Rxd1 31.Rxd1 bxc6 32.Bf2 Re4 33.b3 Bxf4 34.Rd8+ Kg7 35.Kf1 Be3 36.Be1 Bb6
37.Rb8 Bc5 38.Bxa5 Rf4+ 39.Ke2 Rf2+ 40.Kd3 Be7 41.Bc3+ Bf6 42.Bxf6+ Kxf6
43.a5 Rxg2 44.a6 Ra2 45.Rb6 Ke5 46.Rxc6 f4 47.b4 Ra3+ 48.Ke2 Kd5 49.b5 Ra5
50.Rf6 Ke4 51.h4 Rxb5 52.Rxf7 Rb2+ 53.Ke1 Rb6 54.a7 Ra6 55.Kf2 Ra2+ 56.Kg1 Kf3
57.Rf6 g5 58.hxg5 Kg3 59.Kf1 f3 60.Ke1 Ra1+ 61.Kd2 Rxa7 62.g6 f2 63.Rf5 Rd7+
64.Ke2 Re7+ 65.Kd2 h4 66.Rg5+ Kf4 67.g7 f1=Q 68.g8=Q Qe2+ 69.Kc3 Rc7+ 70.Kb3 Qc2+
71.Ka3 Ra7+ 72.Kb4 Rb7+ 73.Ka5 Qc7+ 74.Ka4 Qc6+  0-1

[Event "Porto San Giorgio op"]
[Site "Porto San Giorgio"]
[Date "1997.??.??"]
[Round "6"]
[White "Zlochevskij, Alexander"]
[Black "Khenkin, Igor"]
[Result "1/2-1/2"]
[WhiteElo "2440"]
[BlackElo "2550"]

1.Nf3 d5 2.c4 c6 3.b3 Nf6 4.Bb2 Bg4 5.e3 Nbd7 6.h3 Bh5 7.Be2 e6 8.Nc3 Bd6
9.d3 O-O 10.Qd2 Qe7 11.O-O Rfe8 12.Rac1 Rad8 13.Nh4 Bb8 14.Qd1 Qd6 15.g3 Bxe2
16.Qxe2 e5 17.e4 Qe6 18.Kh2 a6 19.Rfe1 Ba7 20.Rcd1 b5 21.exd5 cxd5 22.cxb5 d4
23.Ne4 axb5 24.Nxf6+ Nxf6 25.Nf3 Qa6 26.Qd2 e4 27.dxe4 Nxe4 28.Qc2 Nc3 29.Bxc3 dxc3
30.Qxc3 Bxf2 31.Rxe8+ Rxe8 32.Rd2 Ba7 33.Qd3 Qb6 34.Re2 Rf8 35.Qd7 b4 36.h4 g6
37.Kh3 Qc5 38.Re8 Rxe8 39.Qxe8+ Kg7 40.Qd7 Bb8 41.Ng5 Qf2 42.Qd3 Be5 43.Qf3 Qxf3
44.Nxf3 Kf6 45.g4 h5 46.Nd2 Ke6 47.gxh5 gxh5 48.Nc4 Bd6 49.Kg2 Be7 50.Kf3 Kf5
51.Ne3+ Ke5 52.Ng2 Kd4 53.Nf4 Bxh4 54.Nxh5 Be7 55.Ng3 Kd3 56.Nf5 Bf8 57.Ne3 Bc5
58.Nf5 Kc2 59.Ke4 Kb2 60.Kd3  1/2-1/2

[Event "Porto San Giorgio op"]
[Site "Porto San Giorgio"]
[Date "1997.??.??"]
[Round "8"]
[White "Cebalo, Miso"]
[Black "Golubovic, Boris"]
[Result "1/2-1/2"]
[WhiteElo "2485"]
[BlackElo "2435"]

1.Nf3 d5 2.c4 c6 3.e3 Nf6 4.b3 Bf5 5.Bb2 e6 6.h3 h6 7.Be2 Bd6 8.g4 Be4 9.Rg1 Qe7
10.Nc3 Bxf3 11.Bxf3 Ba3 12.Bxa3 Qxa3 13.h4 g5 14.Rc1 Na6 15.cxd5 exd5 16.Rh1 Nb4
17.Kf1 O-O-O 18.d4 Kb8 19.Qd2 h5 20.gxh5 g4 21.Be2 Rxh5 22.Kg2 Ne4 23.Nxe4 dxe4
24.Bxg4 Rg8 25.Kh3 Qa5 26.Rc5 Rxc5 27.dxc5 Qxc5 28.Rc1 Qf8 29.Rc4 f5 30.Rxb4 fxg4+
31.Kh2 Qe7 32.Kg2 a5 33.Ra4 b6 34.Qd4 Kb7 35.Qxe4 Qxh4 36.Rc4 Qf6 37.Qf4 Qg6
38.Rd4 Rg7 39.Rd6 Qe8 40.Rf6 Qd7 41.Qd6 Qxd6 42.Rxd6 b5 43.Kg3 c5 44.e4 Re7
45.Rd5 Kc6 46.Kf4 Rf7+ 47.Ke3  1/2-1/2

[Event "Portoroz op"]
[Site "Portoroz"]
[Date "1997.??.??"]
[Round "?"]
[White "Delchev, Aleksander"]
[Black "Rudolph, J."]
[Result "1-0"]
[WhiteElo "2515"]
[BlackElo "2250"]

1.Nf3 d5 2.c4 c6 3.e3 Nf6 4.Nc3 g6 5.Be2 Bg7 6.O-O O-O 7.h3 Ne4 8.d4 Nxc3
9.bxc3 dxc4 10.Bxc4 c5 11.Ba3 Qc7 12.Qe2 Nd7 13.Rfd1 Qa5 14.Qb2 Nb6 15.Bb3 c4
16.Bc2 Qh5 17.Nd2 g5 18.Qb5 Bd7 19.Qa5 Rfe8 20.Ne4 e5 21.Ng3 Qh6 22.Bf5 Qf6
23.Bxd7 Nxd7 24.Rab1 Nb6 25.Rb5 Qg6 26.e4 h5 27.Nf5 g4 28.hxg4 hxg4 29.dxe5 g3
30.Nxg3 Qg4 31.Re1 Re6 32.Nf5 Nd7 33.Bd6 b6 34.Qa4 Kh7 35.Qxc4 Rg8 36.g3 a6
37.Rd5 b5 38.Qd4 Qg5 39.Kg2 Kg6 40.Rh1 Rh8 41.Nh4+  1-0

[Event "Portoroz op"]
[Site "Portoroz"]
[Date "1997.??.??"]
[Round "?"]
[White "Timoshchenko, Gennadi A"]
[Black "Blauert, Joerg"]
[Result "1-0"]
[WhiteElo "2515"]
[BlackElo "2395"]

1.Nf3 d5 2.c4 e6 3.d4 c5 4.cxd5 exd5 5.g3 Nc6 6.Bg2 Nf6 7.O-O Be7 8.Nc3 O-O
9.Bg5 cxd4 10.Nxd4 h6 11.Be3 Re8 12.a3 Bg4 13.Qb3 Na5 14.Qa2 Nc4 15.Bc1 Rc8
16.h3 Bc5 17.Rd1 Bxd4 18.Rxd4 Bxe2 19.b3 Nxa3 20.Nxe2 Nc2 21.Rd2 Nxa1 22.Qxa1 Qb6
23.Bb2 Ne4 24.Bd4 Qb4 25.Ra2 f6 26.Qd1 a6 27.Kh2 Qd6 28.Nf4 Rc6 29.Qh5 Rd8
30.Re2 Qd7 31.Bb2 Rc5 32.Qg6 Qf7 33.Qf5 Rb5 34.Ne6 Re8 35.Nd4 Rb6 36.Rc2 Rd6
37.h4 Rd7 38.Bc1 Rdd8 39.Be3 Re5 40.Qg4 Qd7 41.Qxd7 Rxd7 42.Bh3 Rd8 43.Be6+ Kh8
44.f4 Nxg3 45.Bf2 Nf1+ 46.Kg1 Ne3 47.Re2 Re4 48.Bxe3 Re8 49.f5 Rxh4 50.Bf2  1-0

[Event "GER-chT Seniors"]
[Site "Potsdam"]
[Date "1997.??.??"]
[Round "2"]
[White "Usachyi, Mark"]
[Black "Benne, Horst"]
[Result "1-0"]
[WhiteElo "2265"]
[BlackElo "2185"]

1.Nf3 d5 2.c4 c6 3.e3 Nf6 4.Nc3 g6 5.cxd5 cxd5 6.Bb5+ Bd7 7.Qb3 Bxb5 8.Qxb5+ Qd7
9.Ne5 Qxb5 10.Nxb5 Na6 11.b3 Bg7 12.d4 Nd7 13.Bb2 f6 14.Nd3 Kf7 15.Kd2 Rhc8
16.Rhc1 Rc6 17.Rc2 Rxc2+ 18.Kxc2 Bf8 19.Kd2 g5 20.Rc1 Ke8 21.Ba3 Kd8 22.f4 h6
23.h4 Bg7 24.f5 h5 25.Rh1 Nf8 26.hxg5 fxg5 27.Rxh5 Kd7 28.Rxg5  1-0

[Event "Pula op"]
[Site "Pula"]
[Date "1997.??.??"]
[Round "1"]
[White "Sturua, Zurab"]
[Black "Vospernik, Andrej"]
[Result "1-0"]
[WhiteElo "2560"]
[BlackElo "2140"]

1.Nf3 d5 2.c4 c6 3.d4 Nf6 4.Nc3 g6 5.Bf4 Qb6 6.Qc1 Bg7 7.cxd5 O-O 8.d6 exd6
9.Bxd6 Re8 10.e3 Bg4 11.Ne5 Nbd7 12.Nxg4 Nxg4 13.Be2 Ngf6 14.Bf4 Nd5 15.Bg3 Bh6
16.Qc2 Nxe3 17.fxe3 Bxe3 18.Rf1 Rad8 19.Bh4 g5 20.Bf2 Qxd4 21.Rd1 Qb4 22.Bxe3 Rxe3
23.Rd3 Rde8 24.Rxe3 Rxe3 25.Kd1 Qd4+ 26.Kc1 Qe5 27.Qd2 Nf8 28.Bc4 Ne6 29.Bxe6 fxe6
30.Qd8+ Kg7 31.Qf8+ Kg6 32.Qf7+  1-0